[Event "Ho Chi Minh City zt 3.3 (Women)"]
[Site "Ho Chi Minh City"]
[Date "2009.07.26"]
[Round "5"]
[White "Ton, Nu Hong An"]
[Black "Tran Le Dan, Thuy"]
[Result "1-0"]
[WhiteElo "2046"]
[BlackElo "1780"]
[PlyCount "69"]
[EventDate "2009.07.23"]
[EventType "swiss"]
[EventRounds "9"]
[EventCountry "VIE"]
[SourceTitle "CBM 131 Extra"]
[Source "ChessBase"]
[SourceDate "2009.09.03"]
[SourceVersion "2"]
[SourceVersionDate "2009.09.16"]
[SourceQuality "1"]

1. e4 c5 2. Nf3 d6 3. c3 Nc6 4. d4 cxd4 5. cxd4 Bg4 6. Nc3 e5 7. dxe5 dxe5 8. Nd5 Bd6 9. Be2 Nge7 10. 0-0 0-0 11. Be3 f5 12. Qb3 Kh8 13. exf5 e4 14. Nd4 Nxd4 15. Bxd4 Bxe2 16. f6 gxf6 17. Bxf6+ Rxf6 18. Nxf6 Bxh2+ 19. Kh1 Be5 20. Qf7 Bxf6 21. Qxf6+ Kg8 22. Rfe1 Bd3 23. Re3 Ng6 24. Qe6+ Kg7 25. Rh3 Qe7 26. Qg4 Rf8 27. Qh5 Kg8 28. Kg1 Nf4 29. Qg4+ Kh8 30. Re3 Qf6 31. Rc1 Nd5 32. Rg3 Qxf2+ 33. Kh2 Qxb2 34. Rc8 Qf6 35. Qg8+ 1-0